| 000 | 00631nam a22001577a 4500 | ||
|---|---|---|---|
| 003 | OSt | ||
| 005 | 20151009093102.0 | ||
| 008 | 151009b xxu||||| |||| 00| 0 eng d | ||
| 040 | _cRUA | ||
| 082 | _aAVM OEU 2008 B083 Or.1 | ||
| 100 |
_92415 _aOEUNG, BOPHA. |
||
| 245 | _aThe stusy of premeaning mortality rate of swine in kandal province, ការសិក្សាពីអត្រាស្លាប់របស់កូនជ្រូកមុនពេលផ្ដាច់ដោះនៅក្នុងខេត្តកណ្ដាល | ||
| 260 |
_aPhnom Penh _bRUA _c2008 |
||
| 300 |
_a37p. _bill. _c29cm. |
||
| 942 |
_2ddc _cATMSP |
||
| 999 |
_c2272 _d2272 |
||